| 000 | 00396nam a22001337a 4500 | ||
|---|---|---|---|
| 082 |
_a355.009 _bFUR |
||
| 100 |
_aFurse, George Armand _949210 |
||
| 245 |
_aMilitary expeditions beynd the seas _cFurse, George Armand |
||
| 260 |
_aLondon _bWilliam colwes & sons ltd _c1897 |
||
| 300 |
_a405p.: _bill,; _c20 cm. |
||
| 526 |
_a0 _b0 _c0 _d355_009000000000000_FUR |
||
| 650 |
_aMCE _9379 |
||
| 942 |
_2ddc _cBK |
||
| 999 |
_c552023 _d552023 |
||